00473cam a22001577a 4500008004000000020001500040082001500055100002000070245007800090260002700168300001000195650003300205650002800238650003300266700001600299180718b2007 xxu||||| |||| 00| 0 eng d a8189915843 aT2x54 B469 aBhayana, Sanjay aCorporate governance practices in Indiacby Sanjay Bhayana and H.L. Verma aNew DelhibRegalc2007 a210p. aBusiness enterprises - India aEconomic policy - India aCorporate governance - India aVerma, H.L.